| 000 | 00414 a2200169 4500 | ||
|---|---|---|---|
| 001 | 72130 | ||
| 020 | _a8506016525 | ||
| 040 | _cAnchieta - Colégio São Paulo | ||
| 100 | _aRocha, Ruth | ||
| 240 | 1 | 0 |
_aO livro dos gestos e dos símbolos _lpor |
| 245 | 1 | 0 | _aO livro dos gestos e dos símbolos |
| 300 | _a31 | ||
| 362 | 0 | _a1999 | |
| 440 | 1 | _aMelhoramentos | |
| 650 | 4 | _aLiteratura infanto-juvenil | |
| 942 | _cBK | ||
| 999 |
_c72130 _d72130 |
||